Statistics for 10 Most Populated European Countries in 1950

Click here to take the quiz!

General Stats

  • This quiz has been taken 130 times
    (92 since last reset)
  • The average score is 9 of 10

Answer Stats

Population Country % Correct
68,375,000Germany
100%
42,540,000France
100%
75,452,000Russia
99%
50,128,000United Kingdom
99%
47,106,000Italy
99%
28,063,000Spain
98%
24,825,000Poland
96%
16,312,000Romania
83%
10,121,000Netherlands
80%
36,775,000Ukraine
68%

Score Distribution

Percentile by Number Answered

Percent of People with Each Score

Your Score History

You have not taken this quiz since the last reset